[Event "Benidorm op U2000 16th"]
[Site "Benidorm"]
[Date "2017.12.01"]
[Round "1"]
[White "Denekens, Chris"]
[Black "Westerweele, Henrik"]
[Result "0-1"]
[WhiteElo "1724"]
[BlackElo "1990"]
[PlyCount "74"]
[EventDate "2017.12.01"]
[EventType "swiss"]
[EventRounds "10"]
[EventCountry "ESP"]
[SourceTitle "EXT 2019"]
[Source "ChessBase"]
[SourceDate "2018.10.10"]
[SourceVersion "1"]
[SourceVersionDate "2018.10.10"]
[SourceQuality "1"]

1. e4 e6 2. d4 d5 3. exd5 exd5 4. Bd3 Bd6 5. Nf3 Bg4 6. 0-0 Ne7 7. Bg5 f6 8. Bh4 0-0 9. Bg3 Bxg3 10. fxg3 Bf5 11. Nh4 Bxd3 12. Qxd3 Qd6 13. Nd2 Nd7 14. Nf5 Nxf5 15. Rxf5 Rae8 16. g4 Re6 17. Raf1 Rfe8 18. Rh5 g6 19. Rh3 Qb4 20. Qc3 Qd6 21. Rhf3 c6 22. h4 Re2 23. Qd3 c5 24. c3 c4 25. Qc2 Qe6 26. Rg3 Nb6 27. b3 Rc8 28. b4 Re8 29. a4 Nc8 30. Qc1 Nd6 31. g5 Nf5 32. gxf6 Nxg3 33. f7+ Kg7 34. fxe8Q Qxe8 35. Rd1 Qe3+ 36. Kh2 Qf2 37. Rg1 Nf1+ 0-1